[Event "IECC P email"]
[Site "IECC email"]
[Date "1999.09.10"]
[Round "?"]
[White "Miccinesi, Alessandro"]
[Black "Stroman, Patrick"]
[Result "0-1"]
[WhiteElo "1211"]
[BlackElo "1142"]
[PlyCount "32"]
[EventDate "1999.??.??"]
[EventType "tourn (corr)"]
[EventRounds "6"]
[SourceTitle "Corr 2008"]
[Source "ChessBase"]
[SourceDate "2008.06.24"]
[SourceVersion "1"]
[SourceVersionDate "2008.06.24"]
[SourceQuality "1"]

1. e4 e5 2. Nf3 Nf6 3. Nxe5 Nxe4 4. Qf3 Ng5 5. Qe3 Be7 6. d4 d5 7. c4 c6 8. c5 b6 9. b4 0-0 10. Bd3 Re8 11. 0-0 Bf6 12. Qg3 Ne4 13. Qf4 Qc7 14. Ng4 Qxf4 15. Bxf4 Bxd4 16. Nd2 Bxa1 0-1